• 首页
  • 本馆介绍
  • 公告通知
  • 最新文献
  • 馆藏检索
  • 电子资源
  • 读者导购
  • 参考咨询
  • 我的图书馆
  • 登录
  • 详细信息显示
  • 放入我的书架
  • 预约/预借图书
  • 作者相关作品
  • 分类相关作品
  • 丛书相关作品
  • 出版社相关作品

书目信息

  • 表格格式
  • 工作单格式
  • 卡片格式
题名:
高中生物教学指南
    
 
作者: ;北京市高中生物中心教研组 编
分册:  
出版信息: 北京   人民交通出版社  1981
页数: 117页
开本: 20cm
丛书名:
单 册:
中图分类: G633.91
科图分类:
主题词: 教育--各级
电子资源:
ISBN:
000 00656nam0 2200193 450
001 0640435688
005 20060911151111.40
010    @dCNY0.60
100    @a20060808d1981 km y0chiy0120 ea
101 0  @achi
102    @aCN@b110000
200 1  @a高中生物教学指南@Agao zhong sheng wu jiao xue zhi nan@f北京市高中生物中心教研组编@Fbei jing shi gao zhong sheng wu zhong xin jiao yan zu bian
210    @a北京@c人民交通出版社@d1981
215    @a117页@d20cm
606 0  @a教育@x各级
690    @aG633.91@v3
711  0 @a北京市高中生物中心教研组@Abei jing shi gao zhong sheng wu zhong xin jiao yan zu@4编
801  0 @aCN@bPFT@c20060911
905    @a10447@dG633.91@e100
    
    高中生物教学指南/北京市高中生物中心教研组编.-北京:人民交通出版社,1981
    117页;20cm
    
    
    ISBN :CNY0.60
    
●
相关链接 在E读中查询图书 在五车中查询图书 在当当中查询图书 在豆瓣中查询图书


正题名:高中生物教学指南     索取号:G633.91/100         预约/预借

序号 登录号 条形码 馆藏地/架位号 状态 备注
1 0447312   204473122   密集书库/ [索取号:G633.91/100] 在馆    
2 0448495   204484959   密集书库/ [索取号:G633.91/100] 在馆    
3 0459644   204596446   密集书库/ [索取号:G633.91/100] 在馆    
4 0470553   204705532   密集书库/ [索取号:G633.91/100] 在馆    
唐山师范学院图书馆 欢迎您!
大连网信软件有限公司© 版权所有